| Tag |
First Indicator |
Second Indicator |
Subfields |
| LEADER |
00000cam a22000004a 4500 |
| 001 |
in00002330921 |
| 005 |
20151108042326.0 |
| 008 |
070330s2007 njua b 001 0 eng |
| 010 |
|
|
|a 2007013686
|
| 015 |
|
|
|a GBA739011
|2 bnb
|
| 016 |
7 |
|
|a 013751467
|2 Uk
|
| 020 |
|
|
|a 9780470141151 (cloth)
|
| 020 |
|
|
|a 0470141158 (cloth)
|
| 035 |
|
|
|a (OCoLC)ocn122338165
|
| 035 |
|
|
|a (OCoLC)122338165
|
| 040 |
|
|
|a DLC
|c DLC
|d BAKER
|d UKM
|d BTCTA
|d C#P
|d YDXCP
|d UtOrBLW
|
| 049 |
|
|
|a TXAM
|
| 050 |
0 |
0 |
|a QA279.5
|b .B65 2007
|
| 082 |
0 |
0 |
|a 519.5/42
|2 22
|
| 100 |
1 |
|
|a Bolstad, William M.,
|d 1943-
|
| 245 |
1 |
0 |
|a Introduction to Bayesian statistics /
|c William M. Bolstad.
|
| 250 |
|
|
|a 2nd ed.
|
| 264 |
|
1 |
|a Hoboken, N.J. :
|b John Wiley,
|c [2007]
|
| 264 |
|
4 |
|c ©2007
|
| 300 |
|
|
|a xxiv, 437 pages :
|b illustrations ;
|c 25 cm.
|
| 336 |
|
|
|a text
|b txt
|2 rdacontent
|
| 337 |
|
|
|a unmediated
|b n
|2 rdamedia
|
| 338 |
|
|
|a volume
|b nc
|2 rdacarrier
|
| 504 |
|
|
|a Includes bibliographical references (pages 431-432) and index.
|
| 650 |
|
0 |
|a Bayesian statistical decision theory.
|
| 856 |
4 |
1 |
|3 Table of contents only
|u http://www.loc.gov/catdir/toc/ecip0714/2007013686.html
|t 0
|
| 938 |
|
|
|a Baker & Taylor
|b BKTY
|c 110.00
|d 110.00
|i 0470141158
|n 0007201103
|s active
|
| 938 |
|
|
|a Baker and Taylor
|b BTCP
|n BK0007249590
|
| 938 |
|
|
|a YBP Library Services
|b YANK
|n 2564713
|
| 945 |
|
|
|a PromptCat
|b 226308
|
| 946 |
|
|
|a stk
|
| 947 |
|
|
|a A14836245180
|
| 948 |
|
|
|a cataloged
|b h
|c 2007/9/26
|d c
|e dmartine
|f 3:16:56 pm
|
| 994 |
|
|
|a 92
|b TXA
|
| 999 |
|
|
|a MARS
|
| 999 |
f |
f |
|s be657600-8972-31d3-9370-ecbaa7fdace5
|i 0658906b-d3b9-32a7-a5e0-d84b45ac6b57
|t 0
|
| 952 |
f |
f |
|p normal
|a Texas A&M University
|b College Station
|c Sterling C. Evans Library
|d Evans: Library Stacks
|t 0
|e QA279.5 .B65 2007
|h Library of Congress classification
|i unmediated -- volume
|m A14836245180
|
| 998 |
f |
f |
|a QA279.5 .B65 2007
|t 0
|l Evans: Library Stacks
|